[Event "FRA-ch op-A"]
[Site "Marseille"]
[Date "2001.08.14"]
[Round "1"]
[White "Morelle, Ludovic"]
[Black "Gazengel, Franck"]
[Result "1-0"]
[WhiteElo "2030"]
[BlackElo "2160"]
[PlyCount "93"]
[EventDate "2001.08.13"]
[EventType "swiss"]
[EventRounds "11"]
[EventCountry "FRA"]
[SourceTitle "EXT 2002"]
[Source "ChessBase"]
[SourceDate "2001.11.25"]
[SourceVersion "1"]
[SourceVersionDate "2001.11.25"]
[SourceQuality "1"]

1. d4 e6 2. Nf3 Nf6 3. c4 c5 4. d5 exd5 5. cxd5 d6 6. Nc3 g6 7. g3 Bg7 8. Bg2 0-0 9. 0-0 a6 10. a4 Re8 11. Nd2 Nbd7 12. Nc4 Nb6 13. Na3 Ng4 14. h3 Ne5 15. Qb3 f5 16. Bd2 Rb8 17. a5 Nbd7 18. f4 Nf7 19. Nc4 b5 20. axb6 Nxb6 21. Na5 Bd7 22. Rfe1 Na4 23. Qd1 Nxb2 24. Qc2 Rb4 25. Nc6 Bxc6 26. dxc6 Nc4 27. c7 Qxc7 28. Nd5 Qc8 29. Bxb4 cxb4 30. Rac1 Qc5+ 31. Kh2 Ne3 32. Qa4 Qb5 33. Qxb5 axb5 34. Nxe3 Rxe3 35. Rc8+ Bf8 36. Rb8 Kg7 37. Bd5 Be7 38. Rxb5 Kf6 39. Rxb4 Nd8 40. Rb3 Rxb3 41. Bxb3 Nb7 42. Bd5 Nc5 43. e4 fxe4 44. Bxe4 Bd8 45. Bd5 Be7 46. Kg2 Nd3 47. Re6+ 1-0

[Event "FRA-chT3"]
[Site "France"]
[Date "2001.??.??"]
[Round "5"]
[White "Babault, Patrice"]
[Black "Gazengel, Franck"]
[Result "1-0"]
[WhiteElo "2260"]
[BlackElo "2160"]
[PlyCount "68"]
[EventDate "2001.??.??"]
[EventType "team"]
[EventRounds "9"]
[EventCountry "FRA"]
[SourceTitle "EXT 2003"]
[Source "ChessBase"]
[SourceDate "2002.11.25"]
[SourceVersion "1"]
[SourceVersionDate "2002.11.25"]
[SourceQuality "1"]

1. e4 c5 2. Nf3 d6 3. d4 cxd4 4. Nxd4 Nf6 5. Nc3 a6 6. Be3 e6 7. f4 Qc7 8. Qf3 b5 9. Bd3 Bb7 10. g4 h6 11. g5 hxg5 12. fxg5 Nfd7 13. g6 Nf6 14. Bg5 Qe7 15. gxf7+ Qxf7 16. Bxf6 gxf6 17. Qg4 f5 18. Qe2 Bg7 19. Nf3 b4 20. Na4 Bc6 21. Nb6 Bxb2 22. Rb1 Bc3+ 23. Kd1 fxe4 24. Bxe4 Ra7 25. Nd5 Bxd5 26. Bxd5 Re7 27. Bb3 Rf8 28. Rf1 Qh5 29. Ba4+ Kd8 30. Nd2 Rxf1+ 31. Nxf1 Qd5+ 32. Kc1 Qg5+ 33. Kd1 Rf7 34. Ne3 Qg1+ 1-0

[Event "FRA-chT3"]
[Site "France"]
[Date "2001.??.??"]
[Round "9"]
[White "Gazengel, Franck"]
[Black "Govciyan, Pavel"]
[Result "0-1"]
[WhiteElo "2160"]
[BlackElo "2170"]
[PlyCount "80"]
[EventDate "2001.??.??"]
[EventType "team"]
[EventRounds "9"]
[EventCountry "FRA"]
[SourceTitle "EXT 2003"]
[Source "ChessBase"]
[SourceDate "2002.11.25"]
[SourceVersion "1"]
[SourceVersionDate "2002.11.25"]
[SourceQuality "1"]

1. d4 g6 2. c4 Bg7 3. Nc3 c5 4. d5 f5 5. g3 Bxc3+ 6. bxc3 Qa5 7. Qd3 Nf6 8. f3 d6 9. Bh6 Nbd7 10. e3 Ne5 11. Qc2 Rg8 12. Bg5 Nfd7 13. Rb1 Nb6 14. Rb5 Qa4 15. Qb3 Nf7 16. f4 h6 17. Bh4 g5 18. Nf3 gxh4 19. Nxh4 Qxb3 20. axb3 Nh8 21. Bd3 Rf8 22. 0-0 Bd7 23. Ra5 Rf6 24. e4 fxe4 25. Bxe4 a6 26. Ra2 0-0-0 27. Re2 Rdf8 28. Rfe1 Kd8 29. Bd3 Nc8 30. Kg2 Bg4 31. Re3 Bh5 32. Bb1 Ng6 33. Nxg6 Bxg6 34. Bxg6 Rxg6 35. Re6 Rxe6 36. Rxe6 Rf6 37. Kh3 Rxe6 38. dxe6 a5 39. Kh4 d5 40. cxd5 c4 0-1